Matematičeskaja teorija projektirovanija vyčisliteľnych sistem /

Guardado en:
Detalles Bibliográficos
Autores principales: Kapitonova, Julija Vladimirovna (Autor), Letičevskij, A.A (Autor)
Formato: Libro
Lenguaje:ruso
Publicado: Moskva : Nauka, 1988
Etiquetas: Agregar Etiqueta
Sin Etiquetas, Sea el primero en etiquetar este registro!

MARC

LEADER 00000nam a22000003a 4500
001 stu3038
005 20150617225615.8
008 930129s1988----xxr-----------------rus-d
040 |a STU  |b slo 
041 0 |a rus 
044 |a xxr 
080 |a 681.3 
080 |a 519.711.3 
100 1 |a Kapitonova, Julija Vladimirovna  |4 aut 
245 1 |a Matematičeskaja teorija projektirovanija vyčisliteľnych sistem /  |c [aut.] Kapitonova,Ju.V.; Letičevskij,A.A 
260 |a Moskva :  |b Nauka,  |c 1988 
300 |a 284 s 
700 1 |a Letičevskij, A.A  |4 aut 
996 |b E67503  |c E*67503  |l EE03  |s P  |a 0  |w stu3038_0001